載入...
Twentieth century thinkers in adult education
| 主要作者: | |
|---|---|
| 格式: | Printed Book |
| 出版: |
London
Croom Helm
1987
|
| 主題: |
| LEADER | 00453nam a2200157 4500 | ||
|---|---|---|---|
| 082 | |a 374 JAR-T | ||
| 100 | |a Jarvis, Peter, Ed. | ||
| 245 | |a Twentieth century thinkers in adult education | ||
| 250 | |||
| 260 | |a London |b Croom Helm |c 1987 | ||
| 300 | |||
| 490 | |||
| 650 | |a Adult education | ||
| 942 | |c BK | ||
| 999 | |c 227506 |d 227506 | ||
| 952 | |0 0 |1 0 |4 0 |6 374_000000000000000_JART |7 0 |9 241638 |a SDE |b SDE |d 2019-12-12 |l 0 |o 374 JAR-T |p SDE6852 |r 2019-12-12 |w 2019-12-12 |y BK | ||